00808nam a2200193 a 450000100100000000500170001000800410002702000150006804000250008308200150010810000250012324502050014826000410035330000210039470000360041570000330045195201130048499900170059700003656020200930075811.0120120s1999 sp 000 0 spa d a8401012376 aDO-SdBNPbspacBNPHU axxxxbxxxx1 aChin-Ning Chu96282110aHacer menos, conseguir más :bla importancia de la armonía interior para conseguir mayor satisfacción con menos esfuerzo /cChin-Ning Chu ; prólogo Denis Waitley ; traducción Elvira Heredia. aBarcelona, :bPlaza & Juanes,c1999. a174 p. ;c22 cm.1 aWaitley, Denis,epról.9628221 aHeredia, Elvira,etr.962823 001050718MOaGRbGRcHDd2012-01-20iLF1l0oxxxx xxxxp36560-10r2020-06-25w2020-06-25y1ZNo se presta c36051d36051